Marketingový výskum vo vzdelávacích inštitúciách

Marketingový výskum a tvorba vzdelávacieho programu ako produktu vzdelávacej inštitúcie. Vzdelávanie musí spĺňať parametre, aby pritiahlo zákazníkov. Marketingová analýza a proces marketingového výskumu vzdelávania. Vzdelávacie inštitúcie a uplatnenie absolventov na trhu práce. Zvyšovanie informovan...

Celý popis

Uložené v:
Podrobná bibliografia
Hlavný autor: Matulčíková, Marta, 1964-
Médium: Kapitola
Jazyk:Slovak
Predmet:
Tagy: Pridať tag
Žiadne tagy, Buďte prvý, kto otaguje tento záznam!

MARC

LEADER 00000naa$a2200000$$$4500
001 0103251
005 20240502072124.8
041 0 |a slo 
044 |a SK 
245 1 0 |a Marketingový výskum vo vzdelávacích inštitúciách  |c Marta Matulčíková 
520 |a Marketingový výskum a tvorba vzdelávacieho programu ako produktu vzdelávacej inštitúcie. Vzdelávanie musí spĺňať parametre, aby pritiahlo zákazníkov. Marketingová analýza a proces marketingového výskumu vzdelávania. Vzdelávacie inštitúcie a uplatnenie absolventov na trhu práce. Zvyšovanie informovanosti o aktuálnych potrebách a tvorba stratégie vzdelávacieho subjektu. 
610 2 0 |a výskum marketingový 
610 2 0 |a vzdelávanie 
610 2 0 |a školy 
610 2 0 |a študenti 
610 2 0 |a programy študijné 
610 2 0 |a učitelia 
610 2 0 |a analýzy 
100 1 |a Matulčíková, Marta, 1964-